000 00303nam a22001337a 4500
008 170210b xxu||||| |||| 00| 0 eng d
020 _a71080113
041 _aeng
080 _a61
100 _a4
101 _aSHM
245 _aADVANCES IN ILIZAROV APPARATUS ASSEMBLY
_cMAIOCCHI, A.B
942 _2udc
_cBK
999 _c5113
_d5113